| 000 | 00691cam a2200241 a 4500 | ||
|---|---|---|---|
| 001 | 000007889 | ||
| 005 | 20200929154334.0 | ||
| 008 | 911105s1991 sp 000 f spa d | ||
| 020 | _a8426412017 | ||
| 040 |
_aDO-SdBNP _cTxU |
||
| 082 |
_a863.64 _bC414e |
||
| 100 | 1 |
_aCerezales, Agustín, _d1957- _921669 |
|
| 245 | 1 | 0 |
_aEscaleras en el limbo / _cAgustín Cerezales. |
| 260 |
_aBarcelona : _bLumen, _c1991. |
||
| 300 |
_a212 p. ; _c21 cm. |
||
| 490 | 1 |
_aPalabra en el tiempo _v201 |
|
| 650 | 4 |
_aNovela española _91123 |
|
| 650 | 4 |
_aLiteratura española _9632 |
|
| 830 | 0 |
_aPalabra en el tiempo ; _v201 _921670 |
|
| 910 | _aCatalogación por copia / LC | ||
| 910 | _aWM | ||
| 049 | _aBNGR | ||
| 999 |
_c7667 _d7667 |
||